[Event "IV Jugando con las Estrellas 2019"]
[Site "Santa Cruz de la Palma"]
[Date "2019.08.12"]
[Round "5.9"]
[White "Mamani Beltran, Daniel"]
[Black "Del Rey, Diego"]
[Result "0-1"]
[WhiteElo "1827"]
[BlackElo "2374"]
[Annotator "TA"]
[PlyCount "96"]
[EventDate "2019.08.09"]
[EventType "swiss"]
[EventCountry "ESP"]
[SourceTitle "playchess.com"]
[Source "ChessBase"]
[SourceQuality "1"]

{[%evp 9,96,24,35,-14,20,-31,-42,-45,-46,-63,-68,-61,-52,-58,-68,-89,-30,-71,-46,-70,-69,-65,-69,-83,-83,-73,-27,-74,-54,-75,-82,-77,-62,-181,-182,-191,-179,-181,-202,-353,-232,-241,-253,-620,-600,-607,-604,-466,-248,-231,-231,-335,-319,-318,-306,-308,-287,-266,-243,-506,-244,-497,-281,-284,-238,-458,-448,-612,-546,-437,-428,-686,-681,-843,-761,-29972,-29973,-29972,-29975,-29974,-29976,-29977,-29977,-29976,-29977,-29981,-29982,-29982,-29980]} 1. d4 Nf6 2. c4 e6 3. Nc3 Bb4 4. Qc2 c5 5. dxc5 Na6 {[%cal Bb8a6,Ba6c5,Bc5a4,Ba4b2][%mdl 32]} 6. Bg5 {E38: Nimzo-Indian: Classical: 4...c5} (6. a3 $5 {[%cal Ra3b4]} Bxc3+ 7. Qxc3 $11) (6. a3 Bxc3+ 7. Qxc3 Nxc5 8. b4 Na4 9. Qc2 b5 10. cxb5 Nb6 11. Bf4 Nfd5 12. Be5 f6 13. Bd6 Bb7 14. e4 Rc8 15. Qd2 Nc3 16. f3 Nc4 17. Bxc4 Rxc4 {1-0 (37) Hera,I (2619)-Indjic,A (2576) Hungary 2016}) 6... Qa5 7. Bxf6 (7. Bd2 $1 $11) 7... gxf6 $15 8. Nf3 $146 {Black is slightly better.} ({Predecessor:} 8. e3 Bxc3+ 9. Qxc3 Qxc3+ 10. bxc3 Nxc5 11. Ne2 e5 12. Rd1 Ke7 13. g3 d6 14. Bg2 Be6 15. Bd5 Rac8 16. O-O Rc7 17. f3 {½-½ (17) Collado Munoz,J-Adedeji,A (2002) Madrid 2005}) 8... Nxc5 9. g3 Bxc3+ 10. bxc3 Qa4 11. Qxa4 Nxa4 12. Kd2 Nb2 ({Better is} 12... Nc5 $17) 13. e3 b6 14. Kc2 Bb7 15. Kxb2 {[#] Be2 is the strong threat.} Bxf3 16. Rg1 Rc8 17. Bd3 f5 18. Rae1 Be4 19. Bxe4 fxe4 {[%mdl 4096] Endgame KRR-KRR} 20. Kb3 Rc5 21. f3 {[#]} (21. Rd1 $15) 21... Ke7 $1 $19 ({Don't do} 21... exf3 22. Rgf1 $17) 22. Rd1 Rhc8 $36 {[%mdl 2048] Black is on the roll.} 23. Rd4 exf3 24. Rc1 $2 (24. Rf1 {was called for.}) 24... b5 25. cxb5 Rxb5+ 26. Rb4 $2 (26. Kc2) 26... Rxb4+ 27. Kxb4 {KR-KR} Rb8+ 28. Ka3 {Now Rf1 and White clings on.} Rb5 (28... e5 $142 29. Rh1 Ke6) 29. Rf1 Rf5 30. g4 (30. e4 {might work better.} Rf6 31. Kb3) 30... Rf6 31. Kb4 Kd6 32. Kc4 Ke5 {Threatens to win with ...Ke4.} 33. Kd3 d5 34. h4 $2 (34. Rf2 {was necessary.}) 34... h6 (34... f2 $142 35. h5 Rf3) 35. h5 $2 (35. Rf2) 35... a5 (35... f2 $142 36. Ke2 Ke4) 36. Rf2 Kd6 37. c4 $2 (37. Rf1 {is the only way for White.}) 37... a4 38. a3 Kc5 39. cxd5 Kxd5 40. Rf1 (40. e4+ $142 Ke5 41. Ke3) 40... f2 41. Ke2 {If White can now play Rd1+ this consolidates a bit.} Ke5 42. Rxf2 Rxf2+ {Black mates.} 43. Kxf2 f5 44. gxf5 Kxf5 {K3P-K3P} 45. Kf3 Kg5 46. Ke4 Kxh5 47. Ke5 Kg4 48. Kxe6 Kf3 {Accuracy: White = 27%, Black = 62%.} 0-1

[Event "IV Jugando con las Estrellas 2019"]
[Site "Santa Cruz de la Palma"]
[Date "2019.08.14"]
[Round "6.1"]
[White "Kurajica, Bojan"]
[Black "Pile, Richard"]
[Result "1/2-1/2"]
[WhiteElo "2494"]
[BlackElo "2416"]
[Annotator "ChessBase"]
[PlyCount "40"]
[EventDate "2019.08.09"]
[EventType "swiss"]
[EventCountry "ESP"]
[SourceTitle "playchess.com"]
[Source "ChessBase"]
[SourceQuality "1"]
[TimeControl "5400+30"]

1. d4 {[%emt 0:00:19]} Nf6 {[%emt 0:00:00]} 2. Nf3 {[%emt 0:00:06]} e6 {[%emt 0:00:00]} 3. g3 {[%emt 0:00:10]} b5 {[%emt 0:00:08]} 4. Qd3 {[%emt 0:00:33]} b4 {[%emt 0:05:58]} 5. a3 {[%emt 0:00:51]} Ba6 {[%emt 0:02:10]} 6. Qd1 {[%emt 0:03:26]} bxa3 {[%emt 0:08:14]} 7. b3 {[%emt 0:00:59]} Bb7 {[%emt 0:00:30]} 8. Bg2 {[%emt 0:00:19]} c5 {[%emt 0:00:59]} 9. Bxa3 {[%emt 0:00:37]} Na6 {[%emt 0:00:06]} 10. O-O {[%emt 0:01:59]} Be7 {[%emt 0:05:29]} 11. e3 {[%emt 0:09:32]} O-O {[%emt 0:00:16]} 12. Qe2 {[%emt 0:00:10]} Qb6 {[%emt 0:12:05]} 13. Nbd2 {[%emt 0:12:33]} d5 {[%emt 0:01:15]} 14. Rfc1 {[%emt 0:01:44]} Rfc8 {[%emt 0:01:39]} 15. Ne5 {[%emt 0:04:39]} h6 {[%emt 0:06:50]} 16. c3 {[%emt 0:08:29]} Rc7 {[%emt 0:07:03]} 17. Bb2 {[%emt 0:01:54]} Rac8 {[%emt 0:04:01]} 18. Bf1 {[%emt 0:06:41]} Nb8 {[%emt 0:01:42]} 19. Qb5 {[%emt 0:00:13]} Nc6 {[%emt 0:02:53]} 20. Qxb6 {[%emt 0:08:53]} axb6 {[%emt 0:04:26]} 1/2-1/2

[Event "IV Jugando con las Estrellas 2019"]
[Site "Santa Cruz de la Palma"]
[Date "2019.08.14"]
[Round "6.3"]
[White "Kolosowski, Mateusz"]
[Black "Roeder, Matthias"]
[Result "1-0"]
[WhiteElo "2458"]
[BlackElo "2373"]
[Annotator "ChessBase"]
[PlyCount "97"]
[EventDate "2019.08.09"]
[EventType "swiss"]
[EventCountry "ESP"]
[SourceTitle "playchess.com"]
[Source "ChessBase"]
[SourceQuality "1"]
[TimeControl "5400+30"]

1. e4 {[%emt 0:00:00]} c5 {[%emt 0:02:17]} 2. Nf3 {[%emt 0:00:00]} d6 {[%emt 0:00:18]} 3. d4 {[%emt 0:00:00]} cxd4 {[%emt 0:00:06]} 4. Nxd4 {[%emt 0:00:00]} Nf6 {[%emt 0:00:06]} 5. Nc3 {[%emt 0:00:00]} a6 {[%emt 0:00:04]} 6. f3 {[%emt 0:00:06]} e5 {[%emt 0:01:26]} 7. Nb3 {[%emt 0:00:12]} Be6 {[%emt 0:00:15]} 8. Be3 {[%emt 0:00:30]} h5 {[%emt 0:01:27]} 9. Nd5 {[%emt 0:00:19]} Bxd5 {[%emt 0:01:49]} 10. exd5 {[%emt 0:00:09]} Nbd7 {[%emt 0:00:11]} 11. Qd2 {[%emt 0:02:40]} Be7 {[%emt 0:08:00]} 12. Be2 {[%emt 0:05:31]} O-O {[%emt 0:03:52]} 13. O-O {[%emt 0:03:24]} Qc7 {[%emt 0:08:13]} 14. Rac1 {[%emt 0:12:29]} Rfe8 {[%emt 0:04:41]} 15. c4 {[%emt 0:16:52]} a5 {[%emt 0:07:40]} 16. Qd1 {[%emt 0:07:13]} g6 {[%emt 0:07:31]} 17. Nd2 {[%emt 0:04:22]} Nh7 {[%emt 0:00:55]} 18. Ne4 {[%emt 0:07:44]} f5 {[%emt 0:00:52]} 19. Nc3 {[%emt 0:00:04]} Bg5 {[%emt 0:00:06]} 20. Bxg5 {[%emt 0:01:24]} Nxg5 {[%emt 0:01:20]} 21. Nb5 {[%emt 0:00:34]} Qc5+ {[%emt 0:03:13]} 22. Kh1 {[%emt 0:00:02]} Re7 {[%emt 0:12:32]} 23. Qd2 {[%emt 0:03:29]} Nf7 {[%emt 0:01:03]} 24. b3 {[%emt 0:04:34]} e4 {[%emt 0:08:18]} 25. f4 {[%emt 0:00:31]} e3 {[%emt 0:01:05]} 26. Qc3 {[%emt 0:00:59]} Qb4 {[%emt 0:02:48]} 27. Qb2 {[%emt 0:04:03]} Qc5 {[%emt 0:06:05]} 28. a3 {[%emt 0:00:38]} Kh7 {[%emt 0:02:06]} 29. b4 {[%emt 0:01:22]} axb4 {[%emt 0:00:53]} 30. axb4 {[%emt 0:00:03]} Qb6 {[%emt 0:00:12]} 31. Rc2 {[%emt 0:04:27]} Re4 {[%emt 0:04:20]} 32. g3 {[%emt 0:03:05]} Nh6 {[%emt 0:00:18]} 33. Rfc1 {[%emt 0:01:03]} Ng4 {[%emt 0:00:28]} 34. c5 {[%emt 0:00:46]} dxc5 {[%emt 0:00:41]} 35. bxc5 {[%emt 0:00:02]} Qa5 {[%emt 0:00:04]} 36. Nd4 {[%emt 0:05:34]} Qa3 {[%emt 0:01:01]} 37. Ne6 {[%emt 0:02:29]} Ngf6 {[%emt 0:01:08]} 38. Ng5+ {[%emt 0:00:41]} Kh6 {[%emt 0:00:17]} 39. Qxa3 {[%emt 0:00:12]} Rxa3 {[%emt 0:00:05]} 40. Nxe4 {[%emt 0:00:40]} Nxe4 {[%emt 0:00:11]} 41. c6 {[%emt 0:00:08]} bxc6 {[%emt 0:00:18]} 42. dxc6 {[%emt 0:00:02]} Nb6 {[%emt 0:00:15]} 43. c7 {[%emt 0:01:01]} Nc8 {[%emt 0:00:08]} 44. Kg1 {[%emt 0:04:52]} h4 {[%emt 0:00:24]} 45. gxh4 {[%emt 0:00:12]} Ned6 {[%emt 0:00:11]} 46. Rc3 {[%emt 0:00:28]} Ra4 {[%emt 0:00:05]} 47. Rxe3 {[%emt 0:00:11]} Rxf4 {[%emt 0:00:06]} 48. Ba6 {[%emt 0:00:26]} Rg4+ {[%emt 0:00:41]} 49. Kh1 {[%emt 0:00:38]} 1-0

[Event "IV Jugando con las Estrellas 2019"]
[Site "Santa Cruz de la Palma"]
[Date "2019.08.14"]
[Round "6.4"]
[White "Minzer, Claudio Javier"]
[Black "Bressac, Stephane"]
[Result "1/2-1/2"]
[WhiteElo "2446"]
[BlackElo "2348"]
[Annotator "NA"]
[PlyCount "26"]
[EventDate "2019.08.09"]
[EventType "swiss"]
[EventCountry "ESP"]
[SourceTitle "playchess.com"]
[Source "ChessBase"]
[SourceQuality "1"]
[TimeControl "5400+30"]

1. Nf3 {[%emt 0:00:00]} d6 {[%emt 0:00:31]} 2. d4 {[%emt 0:01:45]} Nf6 {[%emt 0:00:07]} 3. c4 {[%emt 0:00:40]} g6 {[%emt 0:00:09]} 4. Nc3 {[%emt 0:00:46]} Nbd7 {[%emt 0:00:07]} 5. g3 {[%emt 0:00:41]} Bg7 {[%emt 0:00:06]} 6. Bg2 {[%emt 0:00:04]} O-O {[%emt 0:00:22]} 7. O-O {[%emt 0:00:05]} e5 {[%emt 0:00:21]} 8. h3 {[%emt 0:00:30]} c6 {[%emt 0:00:18]} 9. e4 {[%emt 0:02:42]} exd4 {[%emt 0:00:13]} 10. Nxd4 {[%emt 0:00:17]} Qb6 {[%emt 0:00:13]} 11. Nc2 {[%emt 0:06:03]} Ne8 {[%emt 0:05:47]} 12. Qe2 {[%emt 0:05:46]} Nc5 {[%emt 0:02:03]} 13. Rd1 {[%emt 0:05:05]} f5 {[%emt 0:09:20]} 1/2-1/2

[Event "IV Jugando con las Estrellas 2019"]
[Site "Santa Cruz de la Palma"]
[Date "2019.08.14"]
[Round "6.5"]
[White "Capote Robayna, Nathaniel"]
[Black "Barbot, Pierre"]
[Result "1/2-1/2"]
[WhiteElo "2200"]
[BlackElo "2441"]
[Annotator "TA"]
[PlyCount "191"]
[EventDate "2019.08.09"]
[EventType "swiss"]
[EventCountry "ESP"]
[SourceTitle "playchess.com"]
[Source "ChessBase"]
[SourceQuality "1"]

{[%evp 14,191,25,29,21,20,27,29,36,25,38,30,46,43,33,41,93,0,0,0,0,0,49,-54,17,52,60,18,38,44,76,0,0,0,0,0,0,-87,-98,-73,-81,-81,-83,-87,-75,-91,-72,-74,-84,-116,-115,-108,-112,-218,-217,-195,-59,-66,-65,-65,-60,-60,-59,-42,-35,-41,-56,-89,-84,-103,-103,-153,-157,-159,-165,-206,-62,-62,-62,-62,-62,-69,-69,-84,-70,-188,-72,-174,-60,-60,-60,-60,-60,-60,-60,-60,-32,-39,-54,-54,-18,-19,-11,-105,-8,-11,-11,-112,-8,-8,-8,-8,-8,-8,-8,-8,-8,-8,-8,-8,-8,-8,-8,-8,-8,-8,-8,-8,-8,-8,-8,-8,0,-8,-8,-8,-8,-8,-8,-8,0,-8,-8,-8,-8,-8,-8,-8,-8,-8,-8,-8,-8,-8,0,-8,-8,-8,-8,-8,0,-8,-8,-8,-8,-8,0,-8,-8,-8,-8,-8,-8,-8,-8,-8,-8,-8,-8,-8]} 1. e4 e5 2. Nf3 Nc6 3. Bb5 g6 4. c3 a6 5. Ba4 Bg7 6. O-O Nge7 7. d4 exd4 8. cxd4 b5 {C60: Ruy Lopez: Unusual Black 3rd moves and 3...g6} 9. Bc2 d6 (9... d5 10. exd5 Nb4 11. Bb3 Nbxd5 12. Nc3 O-O 13. Re1 h6 14. h3 Nxc3 15. bxc3 Bb7 16. Ne5 {½-½ (40) Caruana,F (2816)-Giri,A (2782) Leuven 2018}) 10. h3 O-O {White has an edge.} 11. Nc3 Bb7 12. Re1 Qd7 13. a4 b4 $146 ({Predecessor:} 13... Nb4 14. Bb1 bxa4 15. Rxa4 a5 16. Ra3 {1-0 (39) Dvoirys,S (2550)-Zalkind,K (2249) Jerusalem 2015}) 14. Ne2 f5 ({Black should try} 14... Na5 $14) 15. Bb3+ (15. Nf4 $16) 15... Kh8 $11 16. exf5 Nxf5 17. d5 Ne5 18. Nfd4 (18. Ng5 $1 $14) 18... Nxd4 ({Better is} 18... Rae8 $1 $15) 19. Nxd4 Qf7 20. f4 Nd7 $1 21. Ne6 Rfe8 22. Nxg7 (22. Be3 $16) 22... Kxg7 23. Qd4+ Kg8 24. Bd2 a5 25. Rxe8+ (25. Rac1 $11 {remains equal.} Nc5 26. Rxc5 dxc5 27. Qxc5) 25... Rxe8 $17 26. Re1 Rxe1+ 27. Bxe1 Nb6 28. Bf2 Bxd5 29. Bxd5 Nxd5 30. Qa7 Nxf4 31. Qxa5 Ne2+ 32. Kf1 Qc4 $1 {And now ...Ng3+ would win.} 33. Qb5 (33. Be3 $17) 33... Qxb5 $19 ({Don't do} 33... Ng3+ 34. Kg1 $1 $17 {[%mdl 512]}) 34. axb5 {[%mdl 4096] Endgame [#] KB-KN} Nf4 ({Black should play} 34... Nc3 $1 $19 {[%mdl 512]} 35. b6 (35. bxc3 $2 b3 $19) 35... cxb6 36. Bxb6 Na4) 35. Bg3 $15 Nd5 36. Ke2 Kf7 37. Kd3 Ke6 38. Kd4 Nb6 39. b3 Nd5 40. Be1 Nf4 41. g3 Nxh3 42. Bxb4 Ng5 43. Ba5 Kd7 $1 44. b6 Ne6+ (44... cxb6 $19 45. Bxb6 Kc6) 45. Kc4 {aiming for b7.} cxb6 46. Bxb6 Kc6 47. Bf2 $1 d5+ 48. Kc3 h5 49. Be1 {[#]} (49. b4 $1 $15) 49... Kc5 (49... Kd6 $1 $19 50. b4 Ng5) 50. Bf2+ {[#]} (50. b4+ $17 Kc6 51. Kd3) 50... d4+ (50... Kd6 $1 $19 51. b4 Kc6) 51. Kd3 Kd5 $1 {Hoping for ...Nc5+.} 52. b4 g5 53. Be1 $1 Nc7 54. Bf2 Nb5 (54... Na6 $5 {[%cal Ra6b4]} 55. b5 Nc5+ 56. Ke2 Ne6 $17) 55. Be1 $1 Na7 56. Bd2 h4 57. gxh4 gxh4 58. Ke2 $1 Kc4 (58... Nc6 $17 {...h3 is the strong threat.} 59. b5 Ne7) 59. Bg5 $11 d3+ 60. Kf3 (60. Kf2 $11) 60... h3 ({Much worse is} 60... Kxb4 $6 61. Bxh4 Nc6 62. Bg5 $11) (60... Nc6 $17 61. Bd2 Ne7) 61. Kg3 {The position is equal.} Kxb4 62. Kxh3 Kc3 63. Kg2 Kc2 64. Kf1 Kd1 65. Be3 Nc6 66. Bf4 Na5 67. Bh6 Nc4 68. Bf4 Nb6 69. Be3 Nd5 70. Bg5 Nc3 71. Be3 Ne2 72. Kf2 Nc3 73. Kf1 Ne4 74. Bf4 Nf6 75. Bg5 Ng4 76. Bf4 Nf6 77. Bg5 Nh5 78. Bh6 Ng3+ 79. Kf2 Nf5 80. Bf4 Nh4 81. Kf1 Kc2 82. Bg5 Kc3 83. Bf6+ Kc2 {( -> ...d2)} (83... Kb3 $5 84. Bg5 $8 Nf3 $11) 84. Bg5 Nf3 85. Bf4 Nd4 86. Ke1 Nf3+ 87. Kf2 Nh4 88. Bh6 Nf5 89. Bf4 Nd4 90. Ke1 Ne6 91. Be3 Nd8 92. Bh6 Nf7 93. Bf4 Ne5 94. Kf1 Nc4 95. Ke1 d2+ 96. Bxd2 $1 {Accuracy: White = 69%, Black = 52%.} 1/2-1/2

[Event "IV Jugando con las Estrellas 2019"]
[Site "Santa Cruz de la Palma"]
[Date "2019.08.14"]
[Round "6.7"]
[White "Rodriguez Ferraz, Borja"]
[Black "Lemos, Damian"]
[Result "0-1"]
[WhiteElo "2227"]
[BlackElo "2487"]
[Annotator "ChessBase"]
[PlyCount "80"]
[EventDate "2019.08.09"]
[EventType "swiss"]
[EventCountry "ESP"]
[SourceTitle "playchess.com"]
[Source "ChessBase"]
[SourceQuality "1"]
[TimeControl "5400+30"]

1. c4 {[%emt 0:00:00]} g6 {[%emt 0:00:15]} 2. g3 {[%emt 0:00:53]} Bg7 {[%emt 0:00:35]} 3. Bg2 {[%emt 0:00:11]} c5 {[%emt 0:02:24]} 4. e3 {[%emt 0:01:41]} e6 {[%emt 0:00:57]} 5. Ne2 {[%emt 0:01:16]} Ne7 {[%emt 0:00:24]} 6. Nbc3 {[%emt 0:00:27]} Nbc6 {[%emt 0:00:49]} 7. h4 {[%emt 0:05:08]} h6 {[%emt 0:02:03]} 8. O-O {[%emt 0:05:37]} O-O {[%emt 0:02:02]} 9. b3 {[%emt 0:07:10]} d5 {[%emt 0:00:55]} 10. Bb2 {[%emt 0:00:48]} d4 {[%emt 0:04:16]} 11. Na4 {[%emt 0:00:25]} b6 {[%emt 0:02:33]} 12. exd4 {[%emt 0:03:59]} cxd4 {[%emt 0:00:32]} 13. d3 {[%emt 0:01:38]} Bb7 {[%emt 0:00:46]} 14. b4 {[%emt 0:01:02]} Qd7 {[%emt 0:00:30]} 15. Rb1 {[%emt 0:02:56]} Rad8 {[%emt 0:00:52]} 16. b5 {[%emt 0:02:40]} Ne5 {[%emt 0:03:15]} 17. Nxd4 {[%emt 0:06:55]} Bxg2 {[%emt 0:02:12]} 18. Kxg2 {[%emt 0:00:10]} Qb7+ {[%emt 0:00:54]} 19. Kh3 {[%emt 0:01:56]} Nxd3 {[%emt 0:17:47]} 20. Qxd3 {[%emt 0:02:33]} Bxd4 {[%emt 0:00:18]} 21. Bxd4 {[%emt 0:00:34]} Nf5 {[%emt 0:03:08]} 22. Qc3 {[%emt 0:06:30]} Rxd4 {[%emt 0:01:25]} 23. Rbd1 {[%emt 0:07:11]} Rfd8 {[%emt 0:00:32]} 24. Rxd4 {[%emt 0:00:30]} Rxd4 {[%emt 0:00:54]} 25. Re1 {[%emt 0:02:58]} g5 {[%emt 0:06:17]} 26. Nb2 {[%emt 0:04:41]} gxh4 {[%emt 0:04:54]} 27. Nd1 {[%emt 0:07:33]} hxg3 {[%emt 0:02:04]} 28. fxg3 {[%emt 0:00:06]} Qc7 {[%emt 0:02:09]} 29. Nf2 {[%emt 0:00:50]} Rxc4 {[%emt 0:03:56]} 30. Qf3 {[%emt 0:00:13]} Rc3 {[%emt 0:01:33]} 31. Qg4+ {[%emt 0:00:06]} Kf8 {[%emt 0:01:09]} 32. Ne4 {[%emt 0:00:08]} Rc1 {[%emt 0:01:35]} 33. Rxc1 {[%emt 0:13:24]} Qxc1 {[%emt 0:00:07]} 34. Qf3 {[%emt 0:02:30]} Nd4 {[%emt 0:01:07]} 35. Qg2 {[%emt 0:00:05]} Qd1 {[%emt 0:03:07]} 36. g4 {[%emt 0:02:11]} Qd3+ {[%emt 0:05:28]} 37. Ng3 {[%emt 0:00:47]} h5 {[%emt 0:03:33]} 38. Qa8+ {[%emt 0:03:27]} Kg7 {[%emt 0:00:08]} 39. Qxa7 {[%emt 0:01:49]} Ne2 {[%emt 0:01:31]} 40. Qc7 {[%emt 0:00:55]} hxg4+ {[%emt 0:01:10]} 0-1

[Event "IV Jugando con las Estrellas 2019"]
[Site "Santa Cruz de la Palma"]
[Date "2019.08.14"]
[Round "6.8"]
[White "Hernandez Leon, Alberto"]
[Black "Pap, Misa"]
[Result "1-0"]
[WhiteElo "2266"]
[BlackElo "2461"]
[Annotator "RC"]
[PlyCount "119"]
[EventDate "2019.08.09"]
[EventType "swiss"]
[EventCountry "ESP"]
[SourceTitle "playchess.com"]
[Source "ChessBase"]
[SourceQuality "1"]
[TimeControl "5400+30"]

1. d4 {[%emt 0:00:00]} f5 {[%emt 0:00:00]} 2. Bg5 {[%emt 0:00:26]} g6 {[%emt 0:06:52]} 3. Nd2 {[%emt 0:00:16]} Bg7 {[%emt 0:00:45]} 4. e4 {[%emt 0:00:31]} fxe4 {[%emt 0:00:55]} 5. Nxe4 {[%emt 0:00:05]} d5 {[%emt 0:00:05]} 6. Ng3 {[%emt 0:00:21]} c5 {[%emt 0:07:28]} 7. Nf3 {[%emt 0:00:35]} Nc6 {[%emt 0:00:24]} 8. dxc5 {[%emt 0:01:22]} Bxb2 {[%emt 0:05:53]} 9. Rb1 {[%emt 0:00:19]} Bc3+ {[%emt 0:12:53]} 10. Bd2 {[%emt 0:00:47]} Bg7 {[%emt 0:00:13]} 11. c4 {[%emt 0:09:21]} d4 {[%emt 0:01:43]} 12. h4 {[%emt 0:08:25]} Bg4 {[%emt 0:27:44]} 13. Rxb7 {[%emt 0:10:24]} Nf6 {[%emt 0:02:47]} 14. h5 {[%emt 0:31:15]} Nxh5 {[%emt 0:02:25]} 15. Nxh5 {[%emt 0:00:57]} gxh5 {[%emt 0:02:47]} 16. Qc2 {[%emt 0:03:54]} Qc8 {[%emt 0:00:51]} 17. Rb3 {[%emt 0:02:44]} Qe6+ {[%emt 0:00:40]} 18. Kd1 {[%emt 0:00:35]} d3 {[%emt 0:11:52]} 19. Rxd3 {[%emt 0:02:54]} O-O {[%emt 0:02:38]} 20. Be2 {[%emt 0:01:25]} Rad8 {[%emt 0:02:22]} 21. Rd5 {[%emt 0:05:59]} Qf6 {[%emt 0:03:13]} 22. Rhxh5 {[%emt 0:12:40]} Bxh5 {[%emt 0:01:17]} 23. Rxh5 {[%emt 0:00:02]} Qa1+ {[%emt 0:00:27]} 24. Qc1 {[%emt 0:00:01]} Qxa2 {[%emt 0:00:22]} 25. Qc2 {[%emt 0:00:11]} Qa1+ {[%emt 0:00:38]} 26. Qc1 {[%emt 0:00:01]} Qa4+ {[%emt 0:02:45]} 27. Ke1 {[%emt 0:00:50]} Nd4 {[%emt 0:00:24]} 28. Bd1 {[%emt 0:01:42]} Qd7 {[%emt 0:01:07]} 29. Be3 {[%emt 0:01:30]} Nf5 {[%emt 0:01:11]} 30. Bc2 {[%emt 0:00:01]} e6 {[%emt 0:00:20]} 31. g4 {[%emt 0:00:50]} Nxe3 {[%emt 0:00:15]} 32. Qxe3 {[%emt 0:00:01]} h6 {[%emt 0:00:38]} 33. Kf1 {[%emt 0:00:34]} Qc6 {[%emt 0:00:58]} 34. Be4 {[%emt 0:00:09]} Qc7 {[%emt 0:00:07]} 35. Bc2 {[%emt 0:01:19]} Qc6 {[%emt 0:00:45]} 36. Be4 {[%emt 0:00:20]} Qe8 {[%emt 0:00:00]} 37. Kg2 {[%emt 0:02:30]} a5 {[%emt 0:00:32]} 38. Bc2 {[%emt 0:00:17]} Qc6 {[%emt 0:00:44]} 39. Be4 {[%emt 0:00:01]} Qc7 {[%emt 0:00:10]} 40. Bc2 {[%emt 0:00:06]} Rf4 {[%emt 0:00:28]} 41. Qxe6+ {[%emt 0:00:15]} Qf7 {[%emt 0:00:01]} 42. Qxf7+ {[%emt 0:01:18]} Kxf7 {[%emt 0:01:05]} 43. Kg3 {[%emt 0:00:00]} Rf6 {[%emt 0:00:47]} 44. c6 {[%emt 0:00:17]} a4 {[%emt 0:00:51]} 45. Ne5+ {[%emt 0:00:41]} Ke7 {[%emt 0:00:02]} 46. Bxa4 {[%emt 0:01:13]} Kd6 {[%emt 0:00:03]} 47. Nd3 {[%emt 0:00:50]} Kc7 {[%emt 0:00:20]} 48. Nb4 {[%emt 0:00:07]} Rf7 {[%emt 0:00:57]} 49. Rb5 {[%emt 0:00:27]} Kd6 {[%emt 0:00:36]} 50. c5+ {[%emt 0:01:16]} Ke5 {[%emt 0:00:05]} 51. Bb3 {[%emt 0:01:08]} Rc7 {[%emt 0:00:42]} 52. Rb7 {[%emt 0:00:21]} Kd4 {[%emt 0:00:35]} 53. f4 {[%emt 0:00:24]} Rxb7 {[%emt 0:02:00]} 54. cxb7 {[%emt 0:00:04]} Ke4 {[%emt 0:00:36]} 55. Bc2+ {[%emt 0:00:34]} Ke3 {[%emt 0:00:04]} 56. Nc6 {[%emt 0:00:31]} Rf8 {[%emt 0:00:07]} 57. b8=Q {[%emt 0:00:30]} Rxb8 {[%emt 0:00:27]} 58. Nxb8 {[%emt 0:00:01]} Bf8 {[%emt 0:00:05]} 59. Nd7 {[%emt 0:00:48]} Be7 {[%emt 0:00:04]} 60. f5 {[%emt 0:00:13]} 1-0

[Event "IV Jugando con las Estrellas 2019"]
[Site "Santa Cruz de la Palma"]
[Date "2019.08.14"]
[Round "6.9"]
[White "Garcia Padron, Jose"]
[Black "Martin Hernandez, Ruben"]
[Result "1/2-1/2"]
[WhiteElo "2396"]
[BlackElo "2184"]
[Annotator "TA"]
[PlyCount "90"]
[EventDate "2019.08.09"]
[EventType "swiss"]
[EventCountry "ESP"]
[SourceTitle "playchess.com"]
[Source "ChessBase"]
[SourceQuality "1"]

{[%evp 23,90,-4,35,30,65,71,61,48,64,53,40,40,34,15,51,0,0,0,0,0,9,0,0,0,0,0,0,-8,-9,-10,0,-12,0,-7,0,-16,0,-16,0,0,0,-87,-48,-43,-45,-127,-94,-191,-197,-192,-66,-142,-28,-31,-31,-34,0,0,0,0,0,0,0,0,0,0,0,0,0]} 1. Nf3 Nf6 2. g3 d5 3. c4 e6 4. b3 Be7 5. Bb2 O-O 6. Bg2 c5 7. O-O Nc6 8. e3 b6 9. Qe2 Bb7 10. Rd1 Qc7 ({Predecessor:} 10... Qc8 11. d3 Rd8 12. Nc3 Qc7 13. Rac1 Rac8 14. cxd5 exd5 15. Bh3 Ra8 {½-½ (41) Hartoch,R-Danov,K Wijk aan Zee 1971}) 11. Nc3 Rac8 12. Rac1 Rfd8 13. cxd5 $146 {A14: English Opening: 1...e6 with b3 by White} (13. Ne1 d4 14. Nb5 Qd7 15. exd4 a6 16. dxc5 bxc5 17. Na3 Nb4 18. Bxb7 Qxb7 19. Ra1 Rd7 20. Nac2 a5 21. Nxb4 axb4 {½-½ (34) Cherniaev,A (2436)-Wegerle,J (2421) Hastings 2018}) 13... exd5 14. Bh3 Ra8 15. d4 {White is slightly better.} Ne4 16. dxc5 Nxc3 17. Bxc3 bxc5 18. Qb2 Bf8 19. Nh4 (19. Bg2 $14) 19... Qb6 $11 20. Nf3 a5 21. Bg2 a4 22. Qb1 {aiming for Ng5!} d4 23. exd4 Nxd4 24. Bxd4 cxd4 25. Ne5 Bxg2 26. Kxg2 Qb7+ 27. Kg1 axb3 28. axb3 Rd6 29. Qd3 Rb6 30. Rb1 Ra3 31. Nc4 Rbxb3 32. Qc2 (32. Nxa3 $11 {remains equal.} Rxd3 33. Rxd3) 32... Rxb1 33. Rxb1 Rc3 34. Qf5 ({White should play} 34. Rxb7 $15 Rxc2 35. Ne5) 34... Qc7 35. Ne5 (35. Nd2 $17) 35... Rc5 $1 $19 {[%cal Rc5e5]} 36. f4 {[#]} Bd6 (36... Qa7 $1 $19 {Strongly threatening ...d3!} 37. Qd7 Qa2) 37. Ra1 {[#]} (37. Qd7 $15) 37... Rc1+ (37... g6 $1 $17 38. Qf6 Bf8) 38. Rxc1 $11 Qxc1+ 39. Kg2 Bxe5 40. Qxe5 $15 {[%cal Re5e8][%mdl 4096] Endgame KQ-KQ. The position is equal.} Qd2+ 41. Kh3 {[%cal Re5e8]} g6 42. Qb8+ Kg7 {And now ...Qe2 would win.} 43. Qe5+ Kg8 44. Qb8+ Kg7 {Hoping for ...Qe2.} 45. Qe5+ Kg8 {Accuracy: White = 40%, Black = 42%.} 1/2-1/2